Kỳ bí hồ Ba Bể = The mysterious Babe lakes
Kỳ bí Hồ Ba Bể nằm trong loạt phim Thắng cảnh đó đây. Từ câu chuyện cổ tích về Pò Già Mải qua những câu chuyện đường rừng đầy hấp dẫn và quyến rũ mê hoặc về một cái hồ nằm giữa núi non trùng điệp, Hồ Ba Bể ở tỉnh Bắc Cạn khô...
Bewaard in:
| Formaat: | Boek |
|---|---|
| Taal: | Undetermined |
| Gepubliceerd in: |
Thành phố Hồ Chí Minh
MFC Media-Film
2007
|
| Onderwerpen: | |
| Tags: |
Voeg label toe
Geen labels, Wees de eerste die dit record labelt!
|
| Thư viện lưu trữ: | Trung tâm Học liệu Trường Đại học Cần Thơ |
|---|
| LEADER | 01526nam a2200229Ia 4500 | ||
|---|---|---|---|
| 001 | CTU_137412 | ||
| 008 | 210402s9999 xx 000 0 und d | ||
| 020 | |c 37000 | ||
| 082 | |a 915.971304 | ||
| 082 | |b K600 | ||
| 245 | 0 | |a Kỳ bí hồ Ba Bể = | |
| 245 | 4 | |b The mysterious Babe lakes | |
| 245 | 0 | |c Trọng Hòa kịch bản và đạo diễn ; Thanh Thủy biên tập ; Nguyễn Minn Đức gđsx | |
| 260 | |a Thành phố Hồ Chí Minh | ||
| 260 | |b MFC Media-Film | ||
| 260 | |c 2007 | ||
| 520 | |a Kỳ bí Hồ Ba Bể nằm trong loạt phim Thắng cảnh đó đây. Từ câu chuyện cổ tích về Pò Già Mải qua những câu chuyện đường rừng đầy hấp dẫn và quyến rũ mê hoặc về một cái hồ nằm giữa núi non trùng điệp, Hồ Ba Bể ở tỉnh Bắc Cạn không chỉ nổi danh như một kỳ quan thiên nhiên mà còn là nguồn cảm hứng bất tận cho nghệ thuật… Chúng ta hãy cùng đến Hồ Ba Bể, qua những con đường Việt Bắc hùng vĩ, cùng thưởng món cơm lam đặc sản, cùng thả hồn trong chuyến dạo chơi đến với cõi thần tiên trên trần thế. | ||
| 650 | |a Bắc Kạn, Việt Nam | ||
| 650 | |x Mô tả và du hành | ||
| 904 | |i Duy Bằng | ||
| 915 | |a 900 | ||
| 980 | |a Trung tâm Học liệu Trường Đại học Cần Thơ | ||